00623nam a2200181 i 450000100060000000300090000600500170001500700030003200800410003510000260007624500690010226000510017130000260022270000330024885200220028199900170030395201210032078881ES-MaACL20230906173837.0t|041018s1919 xxk ||||1| eng d1 aHayward, F. H.96222110aDemocracy and the press / cby F. H. Hayward B.M. Landon-Davies. aLondon : bThe National Labour Press, c[1919] aXII, 76 p. ; c16 cm.1 aLangdon-Davies, B. M.970012 aES-MaACLjF-10071 c78881d78881 00104070aATENEOMbATENEOMcSPP2d2008-01-17eSCl0oF-10071p1082494r2023-02-23 00:00:00w2023-02-23yMONOGRAFIA